| 000 | 01283nam a2200241Ia 4500 | ||
|---|---|---|---|
| 999 |
_c41059 _d41059 |
||
| 001 | 7708 | ||
| 003 | GE_BSU | ||
| 005 | 20190502111906.0 | ||
| 008 | 181216s2011||||ge |||||||||||||| ||geo|| | ||
| 020 | _a9789941124860 | ||
| 040 | _cGE_BSU | ||
| 041 | _ageo | ||
| 080 | _a174:61(075.8)+614.253(075.8) მ-25 | ||
| 100 |
_aმამულაშვილი, ბელა. _9628 |
||
| 245 |
_aბიოეთიკა : _bახელმძღვანელო უმაღლესი და საშ. სპეციალური სასწავ. სტუდენტებისთვის / _cბ. მირიანაშვილი; რედაქტორი: რამაზ ხეცურიანი; გარე კანის მხატვ. ნანა ვეკუა / |
||
| 250 |
_aმე-11 განახლ. გამოც. _bსახელმძღვანელო |
||
| 264 |
_aთბილისი: _bუნივერსალი, _c2011. |
||
| 300 |
_a375 გვ; _b19 სმ. |
||
| 653 | _aბიოეთიკა | ||
| 700 |
_aხეცურიანი, რამაზ _eრედაქტორი _9629 |
||
| 700 |
_aვეკუა, ნანა _eგარე კანის მხატვარი _9630 |
||
| 942 |
_cBK _2udc |
||